00526nam a22001337a 4500003000400000005001700004008004100021040002900062050003100091100006400122245012700186260007000313300000900383OSt20240926122546.0240926b |||||||| |||| 00| 0 eng d cChuka University Library aHD 2346 b.K4M63 1986 V.IV aMani, J., B. F. Makau, C. Aleke-Dondo, W. Kulundu-Bitonye,  aMobilisation of the informal sector for Kenya's developmentbStudies on Kenya's informal sector; An annotated bibliography aNairobi, KenyabNational Council for Science and Technologyc1986 a48p.